00686 a2200193 450000500170000000800410001702000180005808200180007610000240009424500350011825000120015326000600016530000110022550400510023665000150028794200070030299900170030995201660032620260420124551.0260420b |||||||| |||| 00| 0 eng d a9781292353364 a657.0285bACC1 aRomney, Marshall B.10aAccounting Information Systems a15th ed aUpper Saddle River, N.J. bPearson Prentice Hall,c2021 a849 p. aIncludes bibliographical references and index. 0aAccounting cBK c47348d47348 00w2026-04-201040708AccountingaAUKCbAUKCcAccountingd2026-04-09eAli Book Servicesg4516.00iKA/10221l0o657.0285 ACCpAUKHP0578r2026-04-20 12:46:55yBK